000 00254nam a2200121Ia 4500
008 190216s9999||||xx |||||||||||||| ||und||
100 _aNull
245 0 _aNarayana Ravu
260 _bD C Books Kerala
300 _a456p
650 _aNovel
942 _cBK
999 _c24965
_d24965